000 00776nam a2200241Ia 4500
003 OSt
005 20220923210949.0
006 a|||||r|||| 00| 0
007 ta
008 Pun
020 _a8126013044 (hbk)
024 _a235,157
037 _cTextual
040 _aARTS
_cARTS
_bPun
041 _2Pun
_aPun
082 _aO168,3N36w, 153P1
100 _aFਾਤਿਰ, ਗਿਆਨ ਸਿੰਘ; ਇਕਬਾਲ ਦੀਪ, ੳਗ.
_9156618
245 0 _aਗਿਆਨ ਸਿੰਘ Fਾਤਿਰ
260 _aਦਿੱਲੀ
_b ਸਾਹਿਤ ਅਕਾਦੇਮੀ
_c2001
300 _a746ਪੰ
_ccm.
942 _hO168,3N36w, 153P1
_cTEXL
_2CC
999 _c293245
_d293245